A study of general categories applicable to classification and coding in documentation / (Record no. 134590)

MARC details
000 -LEADER
fixed length control field 00674nam a22002297a 4500
005 - DATE AND TIME OF LATEST TRANSACTION
control field 20170124110230.0
010 ## - LIBRARY OF CONGRESS CONTROL NUMBER
LC control number 469284
020 ## - INTERNATIONAL STANDARD BOOK NUMBER
Terms of availability 00.00
035 ## - SYSTEM CONTROL NUMBER
System control number 469284
037 ## - SOURCE OF ACQUISITION
Source of stock number/acquisition Cen Lib/Ret
040 ## - CATALOGING SOURCE
Original cataloging agency DPL
Language of cataloging EN
082 ## - DEWEY DECIMAL CLASSIFICATION NUMBER
Classification number 025.4
Item number GRO
100 ## - MAIN ENTRY--PERSONAL NAME
Personal name Grolier, Eric de
9 (RLIN) 41168
245 ## - TITLE STATEMENT
Title A study of general categories applicable to classification and coding in documentation /
Statement of responsibility, etc by Eric de Grolier
246 ## - VARYING FORM OF TITLE
Remainder of title
260 ## - PUBLICATION, DISTRIBUTION, ETC. (IMPRINT)
Name of publisher, distributor, etc UNESCO
Place of publication, distribution, etc Paris
Date of publication, distribution, etc 1962
270 ## - ADDRESS
City Paris
Address place de fontenoy
300 ## - PHYSICAL DESCRIPTION
Extent 248p.
Dimensions 21cm(Hb)
650 ## - SUBJECT ADDED ENTRY--TOPICAL TERM
Topical term or geographic name as entry element Library science
9 (RLIN) 41169
650 ## - SUBJECT ADDED ENTRY--TOPICAL TERM
Topical term or geographic name as entry element Classification schemes
9 (RLIN) 39726
942 ## - ADDED ENTRY ELEMENTS (KOHA)
Source of classification or shelving scheme Dewey Decimal Classification
Koha item type English Books
Classification part 025.4
Call number suffix GRO
Holdings
Withdrawn status Lost status Damaged status Not for loan Collection code Home library Current library Date acquired Source of acquisition Cost, normal purchase price Total Checkouts Full call number Barcode Date last seen Copy number Cost, replacement price Price effective from Koha item type
      Not For Loan Reference Central Library Central Library 30/07/2015 Cen Lib/Ret 0.00   025.4 GRO 469284 30/07/2015 1 0.00 30/07/2015 English Books

© Delhi Public Library
Hit Counter
free hit counter